| 000 | 00600nam a2200217Ii 4500 | ||
|---|---|---|---|
| 001 | 20895 | ||
| 003 | CO-ViMGA | ||
| 008 | 241108s9999||||xx |||||||||||||| ||und|| | ||
| 020 | _a9789587434859 | ||
| 040 |
_aCO-ViMGA _bspa _erda _cCO-ViMGA |
||
| 041 | 0 | _aspa | |
| 084 | _aN SAN24i | ||
| 100 | 1 |
_aPablo de Santis _951054 |
|
| 245 | 1 | 0 | _aEl inventor de juegos |
| 264 | 1 | _aBogotá, Colombia : Loqueleo, 2016 | |
| 300 | _avolumen | ||
| 336 |
_atext _btxt _2rdacontent |
||
| 337 |
_aunmediated _bn _2rdamedia |
||
| 338 |
_avolume _bnc _2rdacarrier |
||
| 940 | _aidficha_siabuc: 20549. -- ficha_no_siabuc:20895 | ||
| 999 |
_c45763 _d45763 |
||